El Salvador: crisis de poder /
Tallennettuna:
| Päätekijä: | |
|---|---|
| Aineistotyyppi: | Teksti |
| Aiheet: | |
| Tagit: |
Lisää tagi
Ei tageja, Lisää ensimmäinen tagi!
|
MARC
| LEADER | 00000 a a2200000 04500 | ||
|---|---|---|---|
| 001 | 17532 | ||
| 003 | |||
| 040 | |||
| 100 | |a Rodríguez Ruiz, Napoleón | ||
| 245 | |a El Salvador: |b crisis de poder / |c Napoleón Rodríguez Ruiz | ||
| 650 | |a POLITICA | ||
| 650 | |a CRISIS | ||
| 650 | |a PODER POLITICO | ||
| 650 | |a EL SALVADOR | ||
| 773 | |g número 30; páginas 467-468 | ||
| 999 | |c 32701 |d 32701 | ||
| 773 | 0 | |0 42391 |9 4157 |a Agencia Latinoamericana de Información, ALAI |d Quito, Ecuador: ALAI |o 03920 |t ALAI: |x 08275564 (Servicio mensual de información y documentación) | |
